| 000 | 00593nam a2200217 a 4500 | ||
|---|---|---|---|
| 999 |
_c4872 _d4872 |
||
| 001 | 4872 | ||
| 003 | BD-JhCC | ||
| 005 | 20180328174422.0 | ||
| 008 | 171204s1983 bg |||| ||a| 000 0 eng d | ||
| 035 | _a(BD-JhCC)4872 | ||
| 040 |
_aBD-JhCC _dBD-JhCC |
||
| 041 | _aeng | ||
| 082 |
_a297.18 _bASH 1983 |
||
| 100 | _aAshter, Malik Ibn Haris | ||
| 245 |
_aA Classic Administrative Policy Letter from Hazrat Ali (ra) / _cMalik Ibn Haris Ashter |
||
| 260 |
_aDhaka : _bIslamic Foundation, _c1983. |
||
| 300 |
_a31 p. : _c21cm. |
||
| 650 | _aIslamic Legends | ||
| 942 |
_2ddc _cBK |
||